|
|
|
|
| LEADER |
00000cam a2200000 a 4500 |
| 001 |
UCC8776 |
| 003 |
CL-VaPUC |
| 005 |
20231206094235.0 |
| 008 |
190814e20150000uy |||||||||||||||||spa|d |
| 020 |
|
|
|a 9789974708747
|
| 040 |
|
|
|c Pontificia Universidad Católica de Valparaíso
|
| 082 |
0 |
4 |
|a 345.0268
|b GAR
|2 21
|
| 100 |
|
|
|a García Cavero, Percy
|e author
|9 603485
|
| 245 |
1 |
3 |
|a El delito de lavado de activos
|
| 250 |
|
|
|a 2a. ed
|
| 260 |
|
|
|a Montevideo
|b B de f
|c 2015
|
| 300 |
|
|
|a 247 p
|
| 583 |
|
|
|a last modification
|c 20190814 14:59:00
|k Rodrigo Vera
|
| 650 |
|
7 |
|a LAVADO DE DINERO
|2 CL-VaPUC
|9 418443
|
| 650 |
|
0 |
|a Bien jurídico protegido
|9 385533
|
| 650 |
|
0 |
|a Delitos económicos
|9 255899
|
| 942 |
|
|
|c BK
|
| 945 |
|
|
|d 20190814 14:59:00
|a dcastane
|
| 999 |
|
|
|c 375027
|d 375025
|
| 952 |
|
|
|0 0
|1 0
|3 erb
|4 0
|6 345_026800000000000_GAR_2015
|7 0
|8 A
|9 493878
|a BIBDER
|b BIBDER
|i 5557313
|l 5
|o 345.0268 GAR 2015
|p 5557313
|r 2024-10-07
|s 2024-10-03
|w 2019-11-24
|y BK
|z Catalogado en:20190814
|k DER
|